Kočičí dům /

Hlavní autor: Kožíšek, Jan, 1948-
Jazyk: Čeština
Vydáno: Praha : Spojené náhody, c2007
Vydání: 1. vyd.
Témata:
Fyzický popis: 65 s. ; 20 cm
Knihy
Uloženo v:
LEADER 00962nam a2200313 a 4500
001 nkc20071719679
003 CZ PrNK
005 20070903152120.0
007 ta
008 070515s2007 xr g 000 p cze
015 |a cnb001719679 
020 |a 978-80-239-9407-0  |q (brož.)  |z 978-80-239-974-0 
035 |a (OCoLC)187296336 
040 |a BOA001  |b cze  |d ABA001 
072 7 |a 821.162.3-1  |x Česká poezie  |2 Konspekt  |9 25 
080 |a 821.162.3-1  |2 MRF 
080 |a (0:82-1)  |2 MRF 
100 1 |a Kožíšek, Jan,  |d 1948-  |7 mzk2005274856  |4 aut 
245 1 0 |a Kočičí dům /  |c Jan Kožíšek 
250 |a 1. vyd. 
260 |a Praha :  |b Spojené náhody,  |c c2007 
300 |a 65 s. ;  |c 20 cm 
655 7 |a česká poezie  |7 fd133958  |2 czenas 
655 9 |a Czech poetry  |2 eczenas 
910 2 |a BOA001  |b 2-1187.521 
990 |a BK 
995 |a 01 
991 |b 200706 
996 6 |b 2610312752  |c 2-1187.521  |l MZK  |r Sklad / do 1 hodiny  |n 0  |p p.v.  |w 000853180  |u 000010  |a 1  |e BOA001  |j MZK50  |s P